The Mainstream Law Reports. Volume I /

Bibliografiska uppgifter
Övriga upphovsmän: Mohsin, Abu Hena Mohammad
Materialtyp: Bok
Språk:Multiple
Publicerad: Dhaka : Shahanaj Khondaker, 1996.
Ämnen:
Classic Catalogue: View this record in Classic Catalogue
LEADER 01275nam a2200289 4500
001 0023789
003 BD-DhAAL
008 111123s1996 bg w 000 0 mul d
040 |a BD-DhAAL  |c BD-DhAAL 
082 0 0 |a 348.5492046  |2 22 
245 0 4 |a The Mainstream Law Reports.  |n Volume I /  |c editor in charge, Abu Hena Mohammad Mohsin. 
246 1 7 |a MLR 
260 |a Dhaka :  |b Shahanaj Khondaker,  |c 1996. 
300 |a Various pagings ;  |c 24 cm 
362 0 |a Vol. 1 
500 |a Regd. DA-NO 50/95, Vol-I 
500 |a Citation :MLR 
500 |a a monthly legal journal  
541 |e 00023789 
650 0 |a Law reports, digests, etc.  |z Bangladesh. 
700 1 |a Mohsin, Abu Hena Mohammad.  |9 59441 
852 1 |a Ayesha Abed Library  |c General Stacks 
942 |2 ddc  |c RSV 
999 |c 11486  |d 11486 
952 |0 0  |1 0  |4 0  |6 348_549204600000000_MAI  |7 0  |9 18651  |a BRACUL  |b BRACUL  |c REF  |d 2011-11-23  |l 2  |o 348.5492046 MAI  |p 3010023789  |r 2014-03-27  |s 2014-03-27  |t 1  |w 2011-11-23  |y RSV 
952 |0 0  |1 0  |2 ddc  |4 0  |6 348_549204600000000_MAI  |7 0  |9 19881  |a BRACUL  |b BRACUL  |c REF  |d 2012-04-04  |l 1  |o 348.5492046 MAI  |p 3010024861  |r 2018-10-09  |s 2018-10-09  |t 3  |w 2012-04-04  |y RSV 
952 |0 0  |1 0  |2 ddc  |4 0  |6 348_549204600000000_MAI  |7 0  |9 19882  |a BRACUL  |b BRACUL  |c REF  |d 2012-04-04  |l 0  |o 348.5492046 MAI  |p 3010024860  |r 2012-04-04  |t 2  |w 2012-04-04  |y RSV